Chicago Bears 1,000 Yard Rushers - Statistics

General Stats
  • This quiz has been taken 153 times
    51 since last reset
  • The average score is 21 of 34
Answer Stats
Year Yards Answer % Correct
1986 1,333 Walter Payton
94%
1985 1,551 Walter Payton
94%
1984 1,684 Walter Payton
94%
1983 1,421 Walter Payton
94%
1981 1,222 Walter Payton
94%
1980 1,460 Walter Payton
94%
1979 1,610 Walter Payton
94%
1978 1,395 Walter Payton
94%
1977 1,852 Walter Payton
94%
1976 1,390 Walter Payton
94%
2025 1,087 D'Andre Swift
91%
2014 1,038 Matt Forte
83%
2013 1,339 Matt Forte
83%
2012 1,094 Matt Forte
83%
2010 1,069 Matt Forte
83%
2008 1,238 Matt Forte
83%
2020 1,070 David Montgomery
72%
1969 1,032 Gale Sayers
66%
1966 1,231 Gale Sayers
66%
2017 1,122 Jordan Howard
53%
2016 1,313 Jordan Howard
53%
2022 1,143 Justin Fields
51%
2006 1,210 Thomas Jones
40%
2005 1,335 Thomas Jones
40%
2003 1,024 Anthony Thomas
30%
2001 1,183 Anthony Thomas
30%
1990 1,078 Neal Anderson
30%
1989 1,275 Neal Anderson
30%
1988 1,106 Neal Anderson
30%
1995 1,074 Rashaan Salaam
11%
1997 1,033 Raymont Harris
9%
2000 1,120 James Allen
6%
1934 1,004 Beattie Feathers
2%
1956 1,126 Rick Casares
0%
No matching quizzes found
Score Distribution
Percent of People with Each Score
Percentile by Number Answered
Your Score History
You have not taken this quiz since the last reset